Makro i mikroelementy w organizmach - Statystyki

Ogólne statystyki
  • Ten quiz został rozwiązany 109 razy
  • Średni wynik to 8 z 10
Statystyki odpowiedzi
Opis Odpowiedź % Poprawnych
Niezbędny do funkcjonowania komórek nerwowych i mięśniowych Bierze udział w krzepnięciu krwi Składnik ściany komórkowej roślin Składnik szkieletów zwierząt Wapń (Ca)
96%
Składnik szkliwa zębów Fluor (F)
88%
Stanowi składnik hormonów tarczycy Jod (I)
84%
Aktywator licznych enzymów Uczestniczy w składaniu podjednostek rybosomów Składnik chlorofilu Magnez (Mg)
84%
Odpowiada za równowagę wodno-mineralną Wchodzi w skład kwasu solnego - głównego składnika soku żołądkowego Chlor (Cl)
83%
Składnik białek złożonych m.in. transportującej tlen hemoglobiny lub magazynującej tlen mioglobiny Wchodzi w skład enzymów biorących udział w fotosyntezie i oddychaniu tlenowym Żelazo (Fe)
83%
Bierze udział w przewodzeniu impulsów nerwowych Składnik płynów ustrojowych Aktywator enzymów u roślin, wpływa na uwodnienie komórek Potas (K)
81%
Bierze udział w przewodzeniu impulsów nerwowych Składnik płynów ustrojowych Sód (Na)
79%
Składnik witaminy B12, która uczestniczy w wytwarzaniu elementów krwi oraz biosyntezie kwasów nukleinowych Kobalt (Co)
69%
Składnik wielu enzymów Składnik hemocyjaniny (takiej hemoglobiny u bezkręgowców) Miedź (Cu)
67%
Nie znaleziono quizów pasujących do podanych kryteriów
Rozkład punktacji
Procent ludzi z każdym wynikiem
Percentyl według liczby udzielonych odpowiedzi
Twoja historia wyników
Nie rozwiązałeś tego quizu